The validity and reliability of the 10th-grade health knowledge test developed by the North Carolina State Department of Public Instruction /

Bibliographic Details
Main Author: Essick, Ellen Carol
Format: Thesis Microform Book
Language:English
Published: [Place of publication not identified] : [publisher not identified] ; 1986.
Subjects:

MARC

Tag First Indicator Second Indicator Subfields
LEADER 00000cam a2200000 a 4500
001 in00000030024
005 20151007054844.0
007 he bmb|||||||
008 880707r19881986oru bb 00010 eng d
035 |a (OCoLC)18181728 
035 |9 AAB6436AM 
040 |a ORU  |c MUU  |d MUU  |d HPE  |d TXA  |d UtOrBLW 
043 |a n-us-nc 
049 |a TXAI 
099 |a fiche  |a C  |a 10665 
100 1 |a Essick, Ellen Carol. 
245 1 4 |a The validity and reliability of the 10th-grade health knowledge test developed by the North Carolina State Department of Public Instruction /  |c by Ellen Carol Essick. 
264 1 |a [Place of publication not identified] :  |b [publisher not identified] ;  |c 1986. 
300 |a vii, 118 leaves. 
336 |a text  |b txt  |2 rdacontent 
337 |a microform  |b h  |2 rdamedia 
338 |a microfiche  |b he  |2 rdacarrier 
502 |b M. Ed.  |c University of North Carolina at Greensboro  |d 1986. 
504 |a Bibliography: leaves 89-93. 
533 |a Microfiche.  |b Eugene :  |c Microform Publications, College of Human Development and Performance, University of Oregon.  |d 1988.  |e 2 microfiches : negative ; 11 x 15 cm. 
500 |a Microform. 
650 0 |a Health education (Secondary)  |z North Carolina. 
650 0 |a Health education (Secondary)  |x Examinations, questions, etc. 
999 |a MARS 
999 f f |s 58d8a944-a29f-3287-a1a8-d960066a11fe  |i 6fde7b90-9156-3cc0-b604-82154ab112b5  |t 0 
952 f f |p default  |a Texas A&M University  |b College Station  |c Sterling C. Evans Library  |d Evans: Microforms (3rd floor)  |t 0  |e fiche C 10665  |h Other scheme  |i microform -- microfiche 
998 f f |a fiche C 10665  |t 0  |l Evans: Microforms (3rd floor)